1M+ cities of the world by letter - H - Statistics

General Stats
  • This quiz has been taken 1,551 times
    886 since last reset
  • The average score is 16 of 32
Answer Stats
Country Population City % Correct
Vietnam 14.70 mil Ho Chi Minh
100%
Vietnam 7.55 mil Hanoi
99%
Germany 2.90 mil Hamburg
96%
Finland 1.58 mil Helsinki
94%
United States 7.55 mil Houston
92%
Zimbabwe 2.70 mil Harare
91%
Cuba 2.15 mil Havana
91%
India 12.10 mil Hyderabad
85%
Pakistan 2.52 mil Hyderabad
85%
China 14.70 mil Hangzhou
80%
Japan 1.87 mil Hiroshima
74%
Germany 1.09 mil Hanover
71%
China 7.50 mil Hong Kong
62%
China 5.60 mil Harbin
61%
China 8.25 mil Hefei
58%
United States 1.71 mil Hartford
38%
United States 1.38 mil Harrisburg
37%
China 1.88 mil Huainan
32%
China 2.87 mil Haikou
30%
Vietnam 1.46 mil Haiphong
28%
China 2.90 mil Hohhot
26%
Japan 1.30 mil Hamamatsu
24%
China 1.79 mil Huzhou
24%
China 1.97 mil Huai'an
21%
China 3.00 mil Handan
17%
China 1.26 mil Hengyang
14%
Saudi Arabia 1.07 mil Hofuf
12%
China 1.34 mil Huaibei
10%
India 1.27 mil Hubli-Dharwar
9%
China 1.58 mil Heze
6%
China 1.08 mil Hengshui
4%
China 1.08 mil Huludao
3%
No matching quizzes found
Score Distribution
Percent of People with Each Score
Percentile by Number Answered
Your Score History
You have not taken this quiz since the last reset